Mẹo chữa lỗi chính tả cho học sinh
Đưa ra các nguyên tắc và mẹo trong cách sửa lỗi chính tả cho học sinh trong dạy và học tiếng Việt
שמור ב:
| מחבר ראשי: | |
|---|---|
| פורמט: | ספר |
| שפה: | Undetermined |
| יצא לאור: |
H.
Văn hóa - Thông tin
2013
|
| נושאים: | |
| גישה מקוונת: | http://lrc.tdmu.edu.vn/opac/search/detail.asp?aID=2&ID=23699 |
| תגים: |
הוספת תג
אין תגיות, היה/י הראשונ/ה לתייג את הרשומה!
|
| Thư viện lưu trữ: | Trung tâm Học liệu Trường Đại học Thủ Dầu Một |
|---|
| LEADER | 00809nam a2200205Ia 4500 | ||
|---|---|---|---|
| 001 | TDMU_23699 | ||
| 008 | 210410s9999 xx 000 0 und d | ||
| 082 | |a 495.922813 | ||
| 090 | |b PH105 | ||
| 100 | |a Phan Ngọc | ||
| 245 | 0 | |a Mẹo chữa lỗi chính tả cho học sinh | |
| 245 | 0 | |c Phan Ngọc | |
| 260 | |a H. | ||
| 260 | |b Văn hóa - Thông tin | ||
| 260 | |c 2013 | ||
| 300 | |a 163 tr. | ||
| 520 | |a Đưa ra các nguyên tắc và mẹo trong cách sửa lỗi chính tả cho học sinh trong dạy và học tiếng Việt | ||
| 650 | |a Tiếng Việt |x Chính tả; Tiếng Việt |x Phương pháp giảng dạy | ||
| 856 | |u http://lrc.tdmu.edu.vn/opac/search/detail.asp?aID=2&ID=23699 | ||
| 980 | |a Trung tâm Học liệu Trường Đại học Thủ Dầu Một | ||